Major rollercoasters with a metal in its name - Statistics

General Stats
  • This quiz has been taken 24 times
  • The average score is 12 of 31
Answer Stats
Hint Answer % Correct
SF Fiesta Texas Iron rattler
85%
SF Qiddiya Iron rattler
85%
BG Tampa Iron gwazi
80%
Cedar point Steel vengeance
75%
Drayton Manor Gold rush
65%
Slagharen Gold rush
65%
Dorney park Iron menace
65%
Carowinds Copperhead strike
55%
Frontier city Silver Bullet
55%
Knotts berry farm Silver Bullet
55%
Europa park Silver Star
55%
California's great America Gold Striker
50%
Cedar point Iron dragon
50%
SeaWorld San Antonio Steel eel
45%
Waldameer Steel Dragon
40%
Dorney Park Steel force
40%
SF Mexico Medusa Steel
30%
Nagashima spa land Steel dragon 2000
30%
SF over georgia Georgia gold rusher
25%
Indiana Beach Steel Hawg
25%
Dreamworld Steel taipan
25%
Carowinds Carolina Goldrusher
15%
Galveston Island pleasure pier Iron Shark
15%
Dreamworld The gold coaster
15%
Niagara amusement park Silver Comet
10%
Frontier City Steel Lasso
10%
Valleyfair Steel Venom
10%
SF Fiesta Texas Wonder Woman: Golden Lasso
10%
Canada's Wonderland Silver streak
5%
SF Magic Mountain Superman: Escape from Krypton
5%
SF Fiesta Texas Superman: Krypton Coaster
5%
No matching quizzes found
Score Distribution
Percent of People with Each Score
Percentile by Number Answered
Your Score History
You have not taken this quiz